Descripción e instrucciones para el reconocimiento, conservación y manejo del torpedo mecánico Bustamante / (Record no. 152891)

MARC details
000 -LEADER
campo de control de longitud fija 00816nam a22001935i 4500
001 - NÚMERO DE CONTROL
campo de control 152891
003 - IDENTIFICADOR DE NÚMERO DE CONTROL
campo de control ES-MaACL
005 - FECHA Y HORA DE LA ÚLTIMA TRANSACCIÓN
campo de control 20250902063107.0
008 - DATOS DE LONGITUD FIJA--INFORMACIÓN GENERAL
campo de control de longitud fija 950206s1888 sp f |||| | spa d
040 ## - FUENTE DE CATALOGACIÓN
Centro catalogador/agencia de origen CARM
Lengua de catalogación spa
Centro/agencia transcriptor CCPB | PA2
100 1# - ENTRADA PRINCIPAL--NOMBRE DE PERSONA
Nombre de persona Bustamante y Quevedo, Joaquín,
Fechas asociadas al nombre 1847-1898
9 (RLIN) 32883
245 10 - MENCIÓN DEL TÍTULO
Título Descripción e instrucciones para el reconocimiento, conservación y manejo del torpedo mecánico Bustamante /
Mención de responsabilidad, etc. por su inventor el Teniente de Navío de 1ª Clase Don Joaquín Bustamante y Quevedo.
260 ## - PUBLICACIÓN, DISTRIBUCIÓN, ETC.
Lugar de publicación, distribución, etc. Barcelona :
Nombre del editor, distribuidor, etc. Sucesores de Narciso Ramiez y C",
Fecha de publicación, distribución, etc. 1888.
300 ## - DESCRIPCIÓN FÍSICA
Extensión 111 p., 11 h. de lám. ;
Dimensiones 20 cm.
500 ## - NOTA GENERAL
Nota general Ejemplar sin port., datos tomados de Palau, II, 37800.
650 #4 - PUNTO DE ACCESO ADICIONAL DE MATERIA--TÉRMINO DE MATERIA
Término de materia o nombre geográfico como elemento de entrada Torpedos.
9 (RLIN) 147966
852 ## - LOCALIZACIÓN
Ubicación ES-MaACL
Número de control de estantería G-12293
Nota libre -- Enc. tela
Holdings
Estatus retirado Estado de pérdida Estado de daño No para préstamo Colección Biblioteca de origen Biblioteca actual Ubicación en estantería Fecha de adquisición Total de préstamos Signatura topográfica completa Código de barras Visto por última vez Precio de reemplazo Tipo de ítem Koha
        Libros del s. XIX Biblioteca del Ateneo de Madrid Biblioteca del Ateneo de Madrid Sala Pecera Planta 3 17/01/2008   G-12293 1159691 23/02/2023 23/02/2023 Libro impreso antiguo